| 000 | 00679nam a2200277 a 4500 | ||
|---|---|---|---|
| 003 | AR-BaBNM | ||
| 005 | 20251128205710.0 | ||
| 008 | 082120s2002 ||||||||||||||000 | spa|| | ||
| 020 | _a950-845-030-4 | ||
| 040 | _cAR-BaBNM | ||
| 100 | 1 | _aCueto, Sergio | |
| 245 | 0 | 0 |
_aBorges _bocho ensayos |
| 250 | _a1ยช ed. | ||
| 260 |
_aBuenos Aires _bBeatriz Viterbo Editora _c1995 |
||
| 300 | _a123 p. | ||
| 490 | 0 | _aTesis | |
| 650 | 4 | _aLITERATURA ARGENTINA | |
| 650 | 4 | _aCRITICA LITERARIA | |
| 650 | 4 | _aESCRITORES | |
| 650 | 4 | _aENSAYO | |
| 650 | 4 | _aLITERATURA CONTEMPORANEA | |
| 653 | _aVANGUARDIAS LITERARIAS | ||
| 655 | _aLITERATURA | ||
| 942 | _cBK | ||
| 998 | _cMARTIN | ||
| 999 |
_c12454 _d12454 |
||